| 000 | 00462nam a2200145Ia 4500 | ||
|---|---|---|---|
| 008 | 250112s9999 xx 000 0 und d | ||
| 020 | _a978-3-319-13027-9 | ||
| 100 | _aHeath Grant | ||
| 245 | 0 | _aSocial Crime Prevention in the Developing World | |
| 250 | _a2015 | ||
| 260 |
_c2015 _bSpringer International Publishing |
||
| 440 | _aSpringerBriefs in Criminology | ||
| 856 | _uhttps://link.springer.com/openurl?genre=book&isbn=978-3-319-13027-9 | ||
| 942 | _cEB | ||
| 999 |
_c377597 _d377597 |
||